000 00671cam a2200205 4500500
005 20251130000954.0
041 _afre
042 _adc
100 1 0 _aSimos, Jean
_eauthor
700 1 0 _aMillot, Isabelle
_eauthor
700 1 0 _aGrémy, Isabelle
_eauthor
700 1 0 _aMejean, Caroline
_eauthor
700 1 0 _aMarano, Francelyne
_eauthor
700 1 0 _aRonga-Pezeret, Sylvaine
_eauthor
245 0 0 _aActualités
260 _c2025.
500 _a89
786 0 _nEnvironnement, Risques & Santé | 24 | 6 | 2025-11-26 | p. 331-340 | 1635-0421
856 4 1 _uhttps://stm.cairn.info/revue-environnement-risques-sante-2025-6-page-331?lang=fr&redirect-ssocas=7080
999 _c1565386
_d1565386